Cantanti italiani - Statistics

Statistiche generali
  • Questo quiz è stato fatto 261 volte
  • Il punteggio medio è 31 su 108
Statistiche sulle risposte
Risposta % Corretto
Anna
75%
Fedez
72%
Annalisa
64%
Giorgia
64%
Emma
57%
Elisa
56%
Elodie
56%
Sfera Ebbasta
53%
Gue
49%
Vasco Rossi
49%
Olly
48%
J-Ax
47%
Marco Mengoni
47%
Arisa
46%
Laura Pausini
45%
Lazza
44%
Achille Lauro
43%
Marracash
43%
Mahmood
41%
Maneskin
41%
Noemi
41%
Blanco
40%
Geolier
40%
Rkomi
39%
Ligabue
38%
Alessandra Amoroso
37%
Fabri Fibra
37%
Tonny Effe
37%
Lucio Corsi
36%
Shiva
36%
Tiziano Ferro
36%
Angelina Mango
34%
Irama
34%
Mina
34%
Alfa
33%
Gigi D’Alessio
33%
Loredana Berte
33%
Ultimo
33%
Ghali
32%
Rocco Hunt
32%
The kolors
31%
Bresh
30%
Clara
30%
Pinguini Tattici Nucleari
30%
Brunori Sas
29%
Emis Killa
29%
Francesca Michielin
29%
Tedua
29%
Cesare Cremonini
28%
Tananai
28%
Fiorella Mannoia
27%
Francesco Gabbani
27%
Sarah Toscano
27%
Clementino
26%
Coma_Cose
26%
Marco Masini
26%
Modà
26%
Negramaro
26%
Rose Villain
26%
Capo plaza
25%
Marcella Bella
25%
Ermal Meta
24%
Francesco Renga
24%
Ricchi e Poveri
24%
Ernia
23%
Lucio Battisti
22%
Gianna Nannini
21%
Sangiovanni
21%
Gazzelle
20%
Il volo
20%
Baby k
19%
Big Mama
19%
Coez
19%
Giusy Ferreri
19%
Elettra Lamborghini
18%
Fabrizio Moro
18%
Madame
18%
883
17%
Calcutta
17%
Diodato
17%
Fred de Palma
17%
Tommaso Paradiso
16%
Articolo 31
14%
Carl Brave
14%
Dargen D’amico
13%
Levante
13%
Mr Rain
13%
Shablo
13%
Fabio Rovazzi
12%
Frah Quintale
12%
Max Gazzè
12%
Michele Bravi
12%
Willie Peyote
12%
Ariete
11%
Luchè
11%
Thegiornalisti
11%
Boomdabash
8%
Colapesce
8%
Ana Mena
7%
Dimartino
7%
La rappresentante di lista
6%
Paola & Chiara
3%
Benji & Fede
2%
Biago Antonacci
2%
Nessun quiz corrispondente trovato
Distribuzione punteggi
Percentuale di utenti per punteggio
Percentile per numero di risposta
I tuoi punteggi nel tempo
Non hai fatto questo quiz